Vich y su futuro urbano /
Descripción Física:
Il·lustracions
Colección:
San Jorge,
; núm. 10 (abril 1953), pàg 27-33
Materias:
Urbanisme -- Vic (Catalunya)
; Urbanisme -- Aspectes socials -- Vic (Catalunya)
; Ordenació del territori -- Osona (Catalunya)
Idioma:
Español
MARC
| LEADER | 00000naa a2200000 a 4500 | ||
|---|---|---|---|
| 003 | Arxiu | ||
| 005 | 20260324181043.0 | ||
| 008 | 160829s1953 spcaxx s spa c | ||
| 040 | |a agdb | ||
| 100 | 1 | |a Baldrich i Tibau, Manuel, |d 1911-1966 |9 21224 | |
| 245 | 1 | 0 | |a Vich y su futuro urbano / |c por Manuel Baldrich Tibau, arquitecto provincial |
| 300 | |b Il·lustracions | ||
| 490 | |a San Jorge, |v núm. 10 (abril 1953), pàg 27-33 | ||
| 650 | 0 | |a Urbanisme |z Vic (Catalunya) |9 33667 | |
| 650 | 0 | |a Urbanisme |x Aspectes socials |9 33669 |z Vic (Catalunya) | |
| 650 | 0 | |a Ordenació del territori |z Osona (Catalunya) |9 55331 | |
| 773 | |g Núm. 10 (abril 1953), pàg 27-33 |t San Jorge. | ||
| 901 | |a Arxiu | ||
| 942 | |n 1 |2 udc |c ART | ||
| 952 | |0 0 |1 0 |4 0 |6 REV508 |7 1 |9 64363 |a Arxiu |b Arxiu |d 2022-11-24 |o Rev-508 |r 2022-11-24 00:00:00 |w 2022-11-24 |y ARXIU |z També disponible a Rev-522 | ||
| 999 | |c 49946 |d 49946 | ||